000 00664nam a2200253Ia 4500
001 Para_1689
003 CHAP
008 220125s1992 xx 000 0 und d
010 _a200307
040 _cCHAP
082 _aPA 631 B8
100 _aBurton, L. DeVere
_9165184
245 _aAgriscience & Technology /
_c by L. DeVere Burton
260 _aUSA. :
_b Delmar Publishers Ine
300 _a326 p.
650 _aAgricultura
_x innovaciones tecnológicas
_91565
901 _aPA 631 B8
902 _aA
905 _a0000001992 a 0000000000 00
910 _a1992
942 _cPARA
942 _cPARA
_d1
999 _c200307
_d200307